LIBRARY & INFORMATION CENTRE, KCAET, TAVANUR

ONLINE PUBLIC ACCESS CATALOGUE (OPAC)

Soil conservation and organic farming (Record no. 13963)

MARC details
000 -LEADER
fixed length control field 00278nam a22001097a 4500
020 ## - INTERNATIONAL STANDARD BOOK NUMBER
ISBN 9789380995199
082 ## - DEWEY DECIMAL CLASSIFICATION NUMBER
Classification number 631.45
Item number PRA/SO
100 ## - MAIN ENTRY--AUTHOR NAME
Personal name Prasad, Deo Kant
245 ## - TITLE STATEMENT
Title Soil conservation and organic farming
260 ## - PUBLICATION, DISTRIBUTION, ETC. (IMPRINT)
Place of publication New Delhi
Name of publisher Enkay publishing house
Year of publication 2012
942 ## - ADDED ENTRY ELEMENTS (KOHA)
Koha item type Books
Holdings
Withdrawn status Lost status Damaged status Collection code Home library Current library Shelving location Date acquired Source of acquisition Cost, normal purchase price Full call number Accession Number Koha item type
      Non-fiction KAUAET KAUAET General Stacks 30/03/2013 Neoti Book Agency 785.00 631.45 PRA/SO 23887 Books
free website counter